000 00702nam a2200205Ii 4500
003 JO-AjNU
008 230605s9999||||xx |||||||||||||| ||und||
017 _a1981/74
040 _aJO-AjNU
_bara
_erda
_cJO-AjNU
041 _aara
050 1 4 _aPJ7814.Q26.A17 1981
100 3 _aتأليف عقراوي، عبدالمحسن,
_eauthor
_948832
245 0 0 _aهشيم الغربة: مجموعة شعرية
264 3 1 _aبغداد:المركز الثقافي الإجتماعي جامعة الموصل،1981
300 _a272ص
336 _atext
_btxt
_2rdacontent
337 _aunmediated
_bn
_2rdamedia
338 _avolume
_bnc
_2rdacarrier
650 4 _aالشعر العربي - بغداد
_948833
999 _aA21411
_c24979
_d24979